000
00304 a2200145 4500
003
Nust
005
20170207154118.0
040
_c
Nust
082
_a
891.439
100
_a
Shafique Rahman
245
_a
Laharain
260
_a
Lahore
_b
Mawara
_c
1995
300
_a
147 pages
538
_a
Almirah No.67, Shelf No.2
942
_2
ddc
_c
BK
999
_c
194149
_d
194149